000 004040000a22001690004500
003 MACL
005 20150816114749.0
008 150816b xxu||||| |||| 00| 0 eng d
040 _aMACL
_cMACL
041 _aEnglish
082 _a500
245 _aScience Review
260 _bIndian Science News Association
_c1980
_aCalcutta
350 _a10
650 _aNatural Science
_92575
942 _cBK
_k500
_2ddc
999 _c5988
_d5988